ბათუმის შოთა რუსთაველის სახელმწიფო უნივერსიტეტის ბიბლიოთეკა

Конституционноe (государственное ) право зарубежных стран. (ბიბ.ჩანაწერი № 35950)

000 -LEADER
fixed length control field 00730nam a2200217Ia 4500
001 - CONTROL NUMBER
control field 1849
003 - CONTROL NUMBER IDENTIFIER
control field GE_BSU
008 - FIXED-LENGTH DATA ELEMENTS--GENERAL INFORMATION
fixed length control field 181216s||||||||xx |||||||||||||| ||und||
020 ## - INTERNATIONAL STANDARD BOOK NUMBER
International Standard Book Number 580402338
040 ## - CATALOGING SOURCE
Transcribing agency GE_BSU
100 ## - MAIN ENTRY--PERSONAL NAME
Personal name Ларин,А.Ю.
245 ## - TITLE STATEMENT
Title Конституционноe (государственное ) право зарубежных стран.
245 ## - TITLE STATEMENT
Remainder of title Курс леккцийю Для студ. высш. учеб. завед.
260 ## - PUBLICATION, DISTRIBUTION, ETC.
Place of publication, distribution, etc. Мoсква
260 ## - PUBLICATION, DISTRIBUTION, ETC.
Name of publisher, distributor, etc. Книжный мир.
260 ## - PUBLICATION, DISTRIBUTION, ETC.
Date of publication, distribution, etc. 2007
300 ## - PHYSICAL DESCRIPTION
Extent 182 с. 19 см.
653 ## - INDEX TERM--UNCONTROLLED
Uncontrolled term Конституционноу (государственное ) право зарубежных стран
942 ## - ADDED ENTRY ELEMENTS (KOHA)
Koha item type წიგნი
ეგზემპლარები
Withdrawn status Lost status Damaged status Not for loan Date acquired Barcode Date last seen Price effective from Koha item type
        2018-12-17 3755 2018-12-17 2018-12-17 წიგნი